La nocin̤ de Orden Pb︢lico en el Constitucionalismo Espaǫl

Detalles Bibliográficos
Formato: eBook
Lenguaje:español
Publicado: Madrid : Dykinson, 2011
Materias:
Acceso en línea:Acceso restringido

MARC

LEADER 00000nam a22000007a 4500
005 2012090609509.0
007 cr|||| ||u|
008 120906s2011 sp |||||s|||| 00||0 spa d
020 |a 978-84-15454-99-1 
035 |a 6332 
040 |a vLex 
090 |c 3389  |d 3389 
245 0 3 |a La nocin̤ de Orden Pb︢lico en el Constitucionalismo Espaǫl  |h [Recurso electrn̤ico]  
256 |a Servicio en ln̕ea 
260 |a Madrid :  |b Dykinson,  |c 2011 
300 |a 1 recurso electrn̤ico 
506 1 |a Contenido solo disponible en los productos indicados  |d vLex Global   |d vLex Global (Academic Edition, excluding Law Schools)   |d vLex Global (U.S. Academic Edition, Law Schools)   |d vLex Global (U.S. Academic Edition, excluding Law Schools)   |d vLex Global (Academic Edition, Law Schools)  
650 0 4 |a Derecho constitucional 
650 0 4 |a Orden pb︢lico 
740 0 |a vLex Libros (Servicio en ln̕ea) 
856 4 0 |u http://vlex.com/source/nocion-orden-publico-constitucionalismo-espa-ol-6332  |z Acceso restringido 
942 |c BOOK 
999 0 |a Constitutional law